000 00477nmm a2200157Ia 4500
008 251105s9999||||xx |||||||||||||||||und||
020 _a9789560104403
041 _aspa
100 _aValdemossa, Roberto
245 0 _aLa grieta suspendida y otros relatos de árboles
264 _a[Santiago de Chile, Chile] :
_bRil editores,
_c2017
300 _a98 páginas
650 _aLatin American narrative
856 _uhttps://public.digitaliapublishing.com/a/50393
942 _cCF
999 _c93857
_d93857